Entry Personal Name
Number of records used in: 2
001 - CONTROL NUMBER
003 - CONTROL NUMBER IDENTIFIER
005 - DATE AND TIME OF LATEST TRANSACTION
- control field:
20200128151819.0
008 - FIXED-LENGTH DATA ELEMENTS
- fixed length control field:
990331n| acannaab| |n aaa |||
010 ## - LIBRARY OF CONGRESS CONTROL NUMBER
- LC control number:
n 99025497
040 ## - CATALOGING SOURCE
- Original cataloging agency:
DLC
- Language of cataloging:
eng
- Transcribing agency:
DLC
100 1# - HEADING--PERSONAL NAME
- Personal name:
Larson, Erik W.,
- Dates associated with a name:
1952-
670 ## - SOURCE DATA FOUND
- Source citation:
Gray, C.I. Project management, 2000:
- Information found:
CIP t.p. (Erik W. Larson; Oregon State U.)
670 ## - SOURCE DATA FOUND
- Source citation:
Phone call to author, 03-31-99
- Information found:
(Erik Wayne Larson; prefers not to have middle name used; b. 01-22-1952; Ph.D., managment, State U. of New York-Buffalo; did not write The naked consumer, 1992)